Clickable One Direction Replacement Blitz Quiz Stats

 Plays Quiz not verified by Sporcle

Score 0/15 Timer 01:30
0 Plays Today
% Correct
Carrie
77.1%
GrOVER
30.2%
UPton
22.9%
Oliver
17.7%
George
17.7%
Mae
16.7%
LEFTy
15.6%
Ann
14.6%
% Correct
Hugh
12.5%
Wally
11.5%
Kilgore
11.5%
Cosmo
9.4%
Timothy
8.3%
Richard
6.3%
Roy
3.1%

You're not logged in!

Compare scores with friends on all Sporcle quizzes.
OR
Log In

Show Comments

Extras

Top Quizzes Today


Score Distribution

Your Account Isn't Verified!

In order to create a playlist on Sporcle, you need to verify the email address you used during registration. Go to your Sporcle Settings to finish the process.

Report this User

Report this user for behavior that violates our Community Guidelines.

Details: